Lý thuyết cháy và thiết bị cháy

שמור ב:
מידע ביבליוגרפי
מחבר ראשי: Nguyễn Sĩ Mão
פורמט: ספר
יצא לאור: Khoa học và kỹ thuật 2002
תגים: הוספת תג
אין תגיות, היה/י הראשונ/ה לתייג את הרשומה!
Thư viện lưu trữ: Mạng thư viện Đại học Đà Nẵng
LEADER 00574nam a2200229 a 4500
001 000029998
003 13758
005 20171030145630.0
008 171030s2002
020 |c 34000 
040 |a LTT 
082 0 |a 541.36  |b NG-M 
100 1 |a Nguyễn Sĩ Mão 
245 0 0 |a Lý thuyết cháy và thiết bị cháy  |c Nguyễn Sĩ Mão. 
260 |b Khoa học và kỹ thuật  |c 2002 
OWN |a LTT 
999 |a From the UDN01 
TYP |a Monograph 
TYP |a Printed language 
980 |a Mạng thư viện Đại học Đà Nẵng